Keď poisťovňa nechce platiť

Poistné plnenie a snaha poisťovní o šetrenie. Možnosť nespokojného klienta podať sťažnosť na konanie poisťovne. Poistné podmienky a výluky z poistenia. Dôležitosť sumy, na ktorú je klient poistený. Častá nevedomosť klienta, proti čomu je poistený a na čo má nárok pri poistnej udalosti. Najviac kráte...

Descripción completa

Guardado en:
Detalles Bibliográficos
Autor principal: Csernák, Peter
Formato: Capítulo de libro
Lenguaje:eslovaco
Materias:
Etiquetas: Agregar Etiqueta
Sin Etiquetas, Sea el primero en etiquetar este registro!

MARC

LEADER 00000naa$a2200000$$$4500
001 0075080
005 20231009103503.8
041 0 |a slo 
044 |a SK 
245 1 0 |a Keď poisťovňa nechce platiť  |c Peter Csernák 
520 |a Poistné plnenie a snaha poisťovní o šetrenie. Možnosť nespokojného klienta podať sťažnosť na konanie poisťovne. Poistné podmienky a výluky z poistenia. Dôležitosť sumy, na ktorú je klient poistený. Častá nevedomosť klienta, proti čomu je poistený a na čo má nárok pri poistnej udalosti. Najviac krátené poistné plnenie pri havarijnom poistení motorového vozidla. 
610 2 0 |a poisťovníctvo 
610 2 0 |a poisťovne 
610 2 0 |a poistenie havarijné 
610 2 0 |a poistenie majetku 
610 2 0 |a plnenie poistné 
610 2 0 |a klienti 
610 2 0 |a zákazníci 
100 1 |a Csernák, Peter